00242nam a22000857a 4500040000700000082000900007100001300016245010800029260001900137 cSY a1867 aSONGLKLA aCitrus varieties and their cultivation, ដំណាំក្រូចនិងពូជក្រូច aRUAbSONc1997